Statistics for Disney's Alice in Wonderland (2010 film) Characters Quiz

Click here to take the quiz!

General Stats

  • This quiz has been taken 88 times
  • The average score is 8 of 15

Answer Stats

ActorDescriptionCharacter% Correct
Mia WasikowskaThe girl who falls through the rabbit holeAlice
100%
Johnny DeppThe crazy man who befriends the aboveThe Mad Hatter
99%
Matt LucasA short, round twin with black-and-white striped clothesTweedledee
75%
Matt LucasThe twin of the aboveTweedledum
75%
Anne HathawayThe light Queen who doesn't want to go to far into the dark sideThe White Queen
58%
Helena Bonham CarterThe ruler who hates animals and controls the JabberwockyThe Red Queen
57%
Michael SheenThe animal whom Alice follows down the rabbit holeThe White Rabbit
54%
Stephen FryA feline who can disappear and floatThe Cheshire Cat
49%
Paul WhitehouseA mammal that has tea with the Mad Hatter and the DormouseThe March Hare
43%
Michael GoughA bird that is now extinctThe Dodo
38%
Christopher LeeThe monster whom Alice has to defeatThe Jabberwocky
38%
Barbara WindsorA little mouse who has tea with the Mad Hatter and the March HareThe Dormouse
33%
Alan RickmanA blue caterpillar who smokes a pipeAbsolem
32%
Crispin GloverThe only person capable of calming the Red Queen downKnave of Hearts
25%
Timothy SpallA bloodhound who is based off of The PuppyBayard
20%

Score Distribution

Percentile by Number Answered

Percent of People with Each Score

Your Score History

You have not taken this quiz